Introduction to electronic computing (Record no. 47719)

MARC details
000 -LEADER
fixed length control field 00557nam a2200157 a 4500
008 - FIXED-LENGTH DATA ELEMENTS--GENERAL INFORMATION
fixed length control field 120416s1971 ||||||||||||||||| || u
050 ## - LIBRARY OF CONGRESS CALL NUMBER
Classification number T 57.5 Boy
100 ## - MAIN ENTRY--PERSONAL NAME
Personal name Greenwell, Larry G
245 10 - TITLE STATEMENT
Title Introduction to electronic computing
246 ## - VARYING FORM OF TITLE
Title proper/short title a management approach
260 ## - PUBLICATION, DISTRIBUTION, ETC.
Place of publication, distribution, etc. New York
Name of publisher, distributor, etc. John Wiley and Sons
Date of publication, distribution, etc. 1971
300 ## - PHYSICAL DESCRIPTION
Extent xv, 336p. : ill.
350 ## - PRICE (NR) (BK AM CF MU VM SE) [OBSOLETE]
Price 0.00
700 ## - ADDED ENTRY--PERSONAL NAME
Personal name Boyes, Rodney
995 ## - RECOMMENDATION 995 [LOCAL, UNIMARC FRANCE]
-- 0.00
-- CBU-MAIN LIBRARY (Kitwe)
-- 1
-- 3.65
-- 1
-- AVAILABLE
-- Annex Low-Usage Collection
Holdings
Withdrawn status Lost status Source of classification or shelving scheme Damaged status Not for loan Home library Current library Shelving location Date acquired Total Checkouts Full call number Barcode Date last seen Price effective from Koha item type
          CBU-MAIN LIBRARY, KITWE. CBU-MAIN LIBRARY, KITWE.   11/30/2022   T 57.5 Boy 014315 11/30/2022 11/30/2022 MONOGRAPH